| 000 | 01282cad a22002055a 4500 | ||
|---|---|---|---|
| 001 | L153761 | ||
| 008 | 110825s2011 xxkad f s 000 0 eng d | ||
| 035 | _a(Sirsi) u153761 | ||
| 041 | 0 | _aeng | |
| 110 | 2 | _aCBI | |
| 245 | 0 | 0 |
_aBuilding strong foundations _bfinancing UK infrastructure _h[electronic resource] |
| 300 |
_aLondon _bCBI _c2011 |
||
| 520 | _aThis CBI report on the importance of investing in infrastructure follows the Treasury's 'Infrastructure cost review: implementation plan' published in March 2011. Looks at infrastructure investment which is crucial for growth and better public services, suggests that Government must use private finance to meet the UK's infrastructure needs, private finance models must evolve to continue to offer value for money, and government must set the conditions to attract investment in infrastructure. | ||
| 590 | _aKA NTK | ||
| 651 | 4 |
_aUnited Kingdom _y |
|
| 690 | _aPROPERTY-INFRASTRUCTURE | ||
| 690 | _aBUILT ENVIRONMENT-CONSTRUCTION MANAGEMENT | ||
| 856 | 4 | 0 |
_uhttps://www.cbi.org.uk/ndbs/press.nsf/0363c1f07c6ca12a8025671c00381cc7/ca16a0be2bc364cf802578f500546a3b/$FILE/Building%20strong%20foundations%20-%20financing%20UK%20infrastructure.PDF _zView this report free of charge (pdf file) at www.cbi.org.uk |
| 942 | _n0 | ||
| 999 |
_c112687 _d112687 |
||